The Quest for peace : (Record no. 12956)
[ view plain ]
| 000 -LEADER | |
|---|---|
| fixed length control field | 01296cam a2200313 a 4500 |
| 001 - CONTROL NUMBER | |
| control field | 1421037 |
| 005 - DATE AND TIME OF LATEST TRANSACTION | |
| control field | 20040827172154.0 |
| 008 - FIXED-LENGTH DATA ELEMENTS--GENERAL INFORMATION | |
| fixed length control field | 840301s1983 dcu b f000 0 eng c |
| 010 ## - LIBRARY OF CONGRESS CONTROL NUMBER | |
| LC control number | 83603644 |
| 040 ## - CATALOGING SOURCE | |
| Original cataloging agency | DGPO/DLC |
| Transcribing agency | DLC |
| Modifying agency | DLC |
| 043 ## - GEOGRAPHIC AREA CODE | |
| Geographic area code | a-is--- |
| -- | aw----- |
| -- | n-us--- |
| 050 00 - LIBRARY OF CONGRESS CALL NUMBER | |
| Classification number | DS119.7 |
| Item number | .Q716 1983 |
| 082 00 - DEWEY DECIMAL CLASSIFICATION NUMBER | |
| Classification number | 327.73056 |
| Edition number | 19 |
| Item number | QUE |
| 086 0# - | |
| -- | S 1.2:P 31/25 |
| 245 04 - TITLE STATEMENT | |
| Title | The Quest for peace : |
| Remainder of title | The Dag Hammarskjold Memorial Lectures/ |
| Statement of responsibility, etc | Edited by Andrew W. Cordier & Wilder Foote |
| 260 ## - PUBLICATION, DISTRIBUTION, ETC. (IMPRINT) | |
| Place of publication, distribution, etc | New York : |
| Name of publisher, distributor, etc | Columbia University Press, |
| Date of publication, distribution, etc | 1965 |
| 300 ## - PHYSICAL DESCRIPTION | |
| Extent | vii, 390 p. ; |
| Dimensions | 24 cm. |
| 440 #0 - | |
| -- | 9529 |
| 500 ## - GENERAL NOTE | |
| General note | Donated by: Alaa Abdel Ghany |
| 504 ## - BIBLIOGRAPHY, ETC. NOTE | |
| Bibliography, etc | Includes bibliographical references. |
| 650 #0 - SUBJECT ADDED ENTRY--TOPICAL TERM | |
| Topical term or geographic name as entry element | Arab-Israeli conflict |
| Chronological subdivision | 1967-1973. |
| 9 (RLIN) | 9530 |
| 650 #0 - SUBJECT ADDED ENTRY--TOPICAL TERM | |
| Topical term or geographic name as entry element | Arab-Israeli conflict |
| Chronological subdivision | 1973-1993. |
| 9 (RLIN) | 9531 |
| 651 #0 - SUBJECT ADDED ENTRY--GEOGRAPHIC NAME | |
| Geographic name | United States |
| General subdivision | Foreign relations |
| Geographic subdivision | Middle East. |
| 9 (RLIN) | 9532 |
| 651 #0 - SUBJECT ADDED ENTRY--GEOGRAPHIC NAME | |
| Geographic name | Middle East |
| General subdivision | Foreign relations |
| Geographic subdivision | United States. |
| 9 (RLIN) | 9533 |
| 651 #0 - SUBJECT ADDED ENTRY--GEOGRAPHIC NAME | |
| Geographic name | United States |
| General subdivision | Foreign relations |
| Chronological subdivision | 1945-1989. |
| 9 (RLIN) | 9534 |
| 710 1# - ADDED ENTRY--CORPORATE NAME | |
| Corporate name or jurisdiction name as entry element | United States. |
| Subordinate unit | Dept. of State. |
| 9 (RLIN) | 9535 |
| 942 ## - ADDED ENTRY ELEMENTS (KOHA) | |
| Source of classification or shelving scheme | Dewey Decimal Classification |
| Item type | Book - Borrowing |
| Withdrawn status | Item status | Source of classification or shelving scheme | Damaged status | Not for loan | Vendor | Home library | Current library | Shelving location | Date acquired | Source of acquisition | Total Checkouts | Full call number | Barcode | Date last seen | Koha item type | Public note |
|---|---|---|---|---|---|---|---|---|---|---|---|---|---|---|---|---|
| Dewey Decimal Classification | Central Library | Central Library | First floor | 23/11/2009 | Donation | 327.73056 QUE | 000019099 | 15/07/2025 | Book - Borrowing | donated by Alaa AbdelGhaney |